00594cam a22002291 4500001001300000003000400013005001700017008004100034010001700075035002000092040001800112042001200130050001800142100003700160245003300197260001100230300003500241500001600276504003100292650002400323999001700347sa 65004104 DLC20260227112128.0890516s1964 ii c b 000 0 kano  asa 65004104  a(OCoLC)19717218 aDLCcWaUdDLC apremarc00aPL4650.5b.J32 aJavare Gowda, Deve Gowda,d1918-10aSāhitigal̥a saṅgadalli. c[1964] aiv, 205, ii p.bports.c19 cm. aIn Kannada. aBibliographical footnotes. 0aKannada literature. c63532d63532